Benvenuta simpatia (Record n. 99557)
[ formato base ]
| 000 -LEADER | |
|---|---|
| fixed length control field | 02546njm a2200421Ia 4500 |
| 001 - CONTROL NUMBER | |
| control field | 27451 |
| 003 - CONTROL NUMBER IDENTIFIER | |
| control field | IT-RoPAU |
| 005 - DATE AND TIME OF LATEST TRANSACTION | |
| control field | 20220918181118.0 |
| 008 - FIXED-LENGTH DATA ELEMENTS--GENERAL INFORMATION | |
| fixed length control field | 131025s9999 xx 000 0 und d |
| 040 ## - CATALOGING SOURCE | |
| Original cataloging agency | IT-RoPAU |
| 040 ## - CATALOGING SOURCE | |
| Transcribing agency | IT-RoPAU |
| 999 ## - SYSTEM CONTROL NUMBERS (KOHA) | |
| Koha Dewey Subclass [OBSOLETE] | n.d. |
| 100 ## - MAIN ENTRY--PERSONAL NAME | |
| Personal name | AA.VV. |
| 9 (RLIN) | 794 |
| 100 ## - MAIN ENTRY--PERSONAL NAME | |
| Relator term | Autore musica |
| 9 (RLIN) | 18136 |
| 100 ## - MAIN ENTRY--PERSONAL NAME | |
| Miscellaneous information | Codice autore musica SPICS: 12000 |
| 9 (RLIN) | 796 |
| 245 ## - TITLE STATEMENT | |
| Title | Benvenuta simpatia |
| 250 ## - EDITION STATEMENT | |
| Edition statement | 1a ed. |
| 260 ## - PUBLICATION, DISTRIBUTION, ETC. (IMPRINT) | |
| Place of publication, distribution, etc. | ROMA |
| 260 ## - PUBLICATION, DISTRIBUTION, ETC. (IMPRINT) | |
| Name of publisher, distributor, etc. | SIBILLA |
| 300 ## - PHYSICAL DESCRIPTION | |
| Extent | DISCO |
| 300 ## - PHYSICAL DESCRIPTION | |
| Dimensions | 46 minuti (Testo: pag.) |
| 500 ## - GENERAL NOTE | |
| General note | Musica strumentale |
| 505 ## - FORMATTED CONTENTS NOTE | |
| Formatted contents note | Benvenuta simpatia [(Monti Elvio) (4:00)] - Universum [(Salizzato Italo) (4:00)] - Nostalgia di sera (3:00) - Trumpet Holiday (3:00) - Caleidoscopio [(Ruthuard) (3:00)] - Carosello [(Monti Elvio) (3:00)] - Nulla di lui [(Monti Elvio) (3:00)] - Lady Moon [(Salizzato Italo) (4:00)] - E' già notte [(Monti Elvio) (4:00)] - Ultime ore [(Ruthuard) (3:00)] - Trumpet Shake [(Saracino Pino) (3:00)] - Il vento ha portato via [(Monti Elvio) (3:00)] - Constellation [(Saracino Pino) (3:00)] - Acquarello abruzzese [(Monti Elvio) (3:00)] |
| 650 ## - SUBJECT ADDED ENTRY--TOPICAL TERM | |
| Topical term or geographic name as entry element | STRUMENTALE [DISCHI] |
| Relator term | Codice MATERIA SPICS: 9950 |
| 9 (RLIN) | 828 |
| 700 ## - ADDED ENTRY--PERSONAL NAME | |
| Personal name | Patriarca |
| Dates associated with a name | Codice autore musica SPICS: 28312 |
| Relator term | Autore musica |
| Name of part/section of a work | Benvenuta simpatia |
| 9 (RLIN) | 18137 |
| 700 ## - ADDED ENTRY--PERSONAL NAME | |
| Personal name | Raspanti M. |
| Dates associated with a name | Codice autore musica SPICS: 14383 |
| Relator term | Autore musica |
| Name of part/section of a work | Benvenuta simpatia - Universum - Nostalgia di sera - Trumpet Holiday - Caleidoscopio - Carosello - Nulla di lui - Lady Moon - E' già notte - Ultime ore - Trumpet Shake - Il vento ha portato via - Constellation - Acquarello abruzzese |
| 9 (RLIN) | 18138 |
| 700 ## - ADDED ENTRY--PERSONAL NAME | |
| Personal name | Salizzato Italo |
| Dates associated with a name | Codice autore SPICS: 28313 |
| Relator term | Autore |
| Name of part/section of a work | Universum |
| 9 (RLIN) | 18139 |
| 700 ## - ADDED ENTRY--PERSONAL NAME | |
| Personal name | Gioia |
| Dates associated with a name | Codice autore SPICS: 24609 |
| Relator term | Autore |
| Name of part/section of a work | Trumpet Holiday |
| 9 (RLIN) | 18140 |
| 700 ## - ADDED ENTRY--PERSONAL NAME | |
| Personal name | Sciascia |
| Dates associated with a name | Codice autore SPICS: 24608 |
| Relator term | Autore |
| Name of part/section of a work | Caleidoscopio - Il vento ha portato via |
| 9 (RLIN) | 18141 |
| 700 ## - ADDED ENTRY--PERSONAL NAME | |
| Personal name | Evangelisti |
| Dates associated with a name | Codice autore musica SPICS: 24576 |
| Relator term | Autore musica |
| Name of part/section of a work | Carosello |
| 9 (RLIN) | 18142 |
| 700 ## - ADDED ENTRY--PERSONAL NAME | |
| Personal name | Colitta M. |
| Dates associated with a name | Codice autore musica SPICS: 28314 |
| Relator term | Autore musica |
| Name of part/section of a work | Nulla di lui |
| 9 (RLIN) | 18143 |
| 700 ## - ADDED ENTRY--PERSONAL NAME | |
| Personal name | Arbik |
| Dates associated with a name | Codice autore musica SPICS: 28315 |
| Relator term | Autore musica |
| Name of part/section of a work | Lady Moon |
| 9 (RLIN) | 18144 |
| 700 ## - ADDED ENTRY--PERSONAL NAME | |
| Personal name | Monti Elvio |
| Dates associated with a name | Codice autore SPICS: 11030 |
| Relator term | Autore |
| Name of part/section of a work | E' già notte |
| 9 (RLIN) | 18145 |
| 700 ## - ADDED ENTRY--PERSONAL NAME | |
| Personal name | Lunik |
| Dates associated with a name | Codice autore testo/musica SPICS: 28316 |
| Relator term | Autore testo/musica |
| Name of part/section of a work | E' già notte |
| 9 (RLIN) | 18146 |
| 700 ## - ADDED ENTRY--PERSONAL NAME | |
| Personal name | Lanzione |
| Dates associated with a name | Codice autore SPICS: 24613 |
| Relator term | Autore |
| Name of part/section of a work | Ultime ore |
| 9 (RLIN) | 18147 |
| 700 ## - ADDED ENTRY--PERSONAL NAME | |
| Personal name | Pelleus |
| Dates associated with a name | Codice autore SPICS: 24144 |
| Relator term | Autore |
| Name of part/section of a work | Trumpet Shake |
| 9 (RLIN) | 18148 |
| 942 ## - ADDED ENTRY ELEMENTS (KOHA) | |
| Koha item type | DISCHI |
| Source of classification or shelving scheme | Dewey Decimal Classification |
| Withdrawn status | Lost status | Damaged status | Not for loan | Home library | Current library | Date acquired | Total Checkouts | Full call number | Date last seen | Price effective from | Koha item type | Public note |
|---|---|---|---|---|---|---|---|---|---|---|---|---|
| Buone Condizioni | Not For Loan | SPICS-MEDIATECA | SPICS-MEDIATECA | 25/10/2013 | 27451 | 25/10/2013 | 25/10/2013 | DISCHI | Progr. Ins.: 7008 / N.Vol.: 1 / Copie: 1 - Copia rara: n.d. / date import: 01.01.2014 - By Epidotti, Trombetti, Vaglietti |